000 00854nam a2200265Ia 4500
003 OSt
005 20220923211501.0
006 a|||||r|||| 00| 0
007 ta
008 Pun
020 _a9789352043972 (hbk)
_c395
024 _a320,105
037 _b792, 27/02/2017, H.K. Prakashan
_cTextual
040 _aARTS
_cARTS
_bPun
041 _2Pun
_aPun
082 _aO153:g, Q6
100 _aਹਰਜੀਤ ਕੌਰ, ਂਚ.
245 0 _aਦੀਵਾ
_b ਅਤੀਤ ਅਤੇ ਵਰਤਮਾਨ
260 _aਚੰਡੀਗੜ
_b ਯੂਨੀਸਟਾਰ
_c2016
300 _a150ਪ੍ਰ0
_ccm.
650 _a ਪੰਜਾਾਬੀ ਸਾਹਿਤ
_9156350
650 _aਸ਼ਚਅਹ਼ਲਜ
942 _hO153:g, Q6
_cTEXL
_2CC
999 _c300009
_d300009